000 00335nam a2200133Ia 4500
005 20260328104248.0
008 260328s9999||||xx |||||||||||||| ||und||
100 _aSánchez Vidiella, Álex
245 0 _aLandscape Architecture /
_cÁlex Sánchez Vidiella
260 _bBooQs
300 _a619 p.
650 _aPAISAJISMO
942 _cBK
999 _c10147
_d10147